[Event "Superstars Hotel Bali"]
[Site "Benidorm ESP"]
[Date "2002.11.30"]
[Round "7"]
[White "Kurajica,B"]
[Black "San Segundo Carrillo,P"]
[Result "1/2-1/2"]
[WhiteElo "2548"]
[BlackElo "2523"]
[EventDate "2002.11.29"]

1. Nf3 d5 2. c4 e6 3. g3 dxc4 4. Qa4+ Nd7 5. Bg2 a6 6. Qxc4 b5 7. Qc2 Bb7
8. O-O c5 9. a4 Ngf6 10. axb5 axb5 11. Rxa8 Qxa8 12. Na3 Bc6 13. d3 Be7 14.
Qb3 O-O 15. Bd2 Ne5 16. Ne1 c4 17. dxc4 bxc4 18. Nxc4 Bxg2 19. Nxg2 Rb8 20.
Qc2 Nxc4 21. Qxc4 Rxb2 1/2-1/2

[Event "Superstars Hotel Bali"]
[Site "Benidorm ESP"]
[Date "2002.11.30"]
[Round "8"]
[White "Granero Roca,A"]
[Black "San Segundo Carrillo,P"]
[Result "1/2-1/2"]
[WhiteElo "2342"]
[BlackElo "2523"]
[EventDate "2002.11.29"]

1. c4 e5 2. Nc3 Nf6 3. g3 Bb4 4. Qb3 Nc6 5. e3 Bxc3 6. Qxc3 d5 7. Bg2 O-O
8. Nf3 d4 9. Qb3 e4 10. Nxd4 Nxd4 11. exd4 Qxd4 12. Qc3 Qc5 13. b3 Bf5 14.
Bb2 Rad8 15. Qe5 Qxe5 16. Bxe5 c5 17. h3 h5 18. O-O-O Nh7 19. h4 Rfe8 20.
Bc3 Bg4 21. Rde1 f5 22. Re3 Nf8 23. Rhe1 Ne6 24. d3 f4 25. gxf4 Nxf4 26.
Bxe4 Rxe4 27. dxe4 Nd3+ 28. Kc2 Nxe1+ 29. Bxe1 Kf7 30. Bc3 g6 31. Rg3 Bd1+
32. Kb2 Bg4 33. f3 Rd3 34. Kc2 Rxf3 35. Rxf3+ Bxf3 36. Kd3 Ke6 37. Ke3 Bd1
38. Kd2 Bf3 1/2-1/2

[Event "Superstars Hotel Bali"]
[Site "Benidorm ESP"]
[Date "2002.11.30"]
[Round "8"]
[White "Ponomariov,R"]
[Black "Psakhis,L"]
[Result "1-0"]
[WhiteElo "2743"]
[BlackElo "2588"]
[EventDate "2002.11.29"]

1. Nf3 e6 2. c4 Nf6 3. g3 a6 4. Bg2 b5 5. b3 Bb7 6. O-O c5 7. Nc3 Qa5 8. e3
Be7 9. Qe2 bxc4 10. bxc4 O-O 11. Rb1 Bc6 12. Rb3 d6 13. d3 Nbd7 14. Bd2 Qc7
15. e4 Rfb8 16. Rfb1 Rxb3 17. axb3 Ne5 18. Nxe5 dxe5 19. f4 Rd8 20. Ra1 Bb7
21. Nd1 Qd6 22. Nf2 Nd7 23. f5 Rb8 24. fxe6 fxe6 25. Bh3 Re8 26. Bc3 Bf8
27. Rf1 Bc8 28. Ng4 Be7 29. Rd1 Rf8 30. Qb2 Bf6 31. Nxf6+ gxf6 32. Qe2 Nb8
33. Bd2 Nc6 34. Bh6 Rf7 35. Bg4 Nd4 36. Qe3 Rb7 37. Rf1 Qe7 38. Bd1 Qf7 39.
h4 Qe7 40. g4 Nc6 41. Qf2 Nd4 42. Qxf6 Qxf6 43. Rxf6 Rf7 44. g5 Bd7 45. Bh5
1-0

[Event "Superstars Hotel Bali"]
[Site "Benidorm ESP"]
[Date "2002.11.30"]
[Round "8"]
[White "Karjakin,Sergey"]
[Black "Amura,C"]
[Result "1-0"]
[WhiteElo "2527"]
[BlackElo "2360"]
[EventDate "2002.11.29"]

1. e4 c5 2. Nf3 Nc6 3. d4 cxd4 4. Nxd4 e6 5. Nc3 Nf6 6. Ndb5 Bb4 7. a3
Bxc3+ 8. Nxc3 d5 9. Bd3 O-O 10. O-O d4 11. Ne2 e5 12. Ng3 h6 13. h3 a6 14.
f4 b5 15. Nh5 Be6 16. Nxf6+ Qxf6 17. Qh5 Kh7 18. f5 Bc4 19. g4 g5 20. h4
gxh4 21. g5 Rg8 22. g6+ 1-0

[Event "Superstars Hotel Bali"]
[Site "Benidorm ESP"]
[Date "2002.12.01"]
[Round "9"]
[White "Paunovic,D"]
[Black "Granero Roca,A"]
[Result "1-0"]
[WhiteElo "2532"]
[BlackElo "2342"]
[EventDate "2002.11.29"]

1. Nf3 Nf6 2. g3 d5 3. Bg2 Bg4 4. O-O Nbd7 5. c4 c6 6. cxd5 cxd5 7. Nc3 e6
8. d3 Be7 9. h3 Bh5 10. Be3 O-O 11. Qb3 b6 12. d4 Rc8 13. Rfc1 Bd6 14. Qa4
Bb8 15. Qa3 Ne4 16. Nxe4 dxe4 17. Ng5 Bxe2 18. Nxe4 Bc4 19. Bg5 f6 20. Bd2
Bd5 21. Bb4 Re8 22. Bd6 Nf8 23. Bxb8 Rxc1+ 24. Rxc1 Qxb8 25. Nd6 Rd8 26.
Nb5 Bxg2 27. Kxg2 a5 28. Rc7 Qa8+ 29. Qf3 Qxf3+ 30. Kxf3 a4 31. Rc6 Rb8 32.
Nc3 Kf7 33. Nxa4 Nd7 34. Nc3 Ra8 35. a3 Ra5 36. h4 Ke7 37. Rc8 Rf5+ 38. Ke3
h6 39. a4 g5 40. hxg5 hxg5 41. f3 Ra5 42. b4 Ra7 43. Kd3 f5 44. Kc4 Nf6 45.
Kb5 Nd7 46. Kc6 b5 47. a5 Ra6+ 48. Kxb5 Rd6 49. Kc4 Kf6 50. b5 e5 51. Rc6
1-0

[Event "Superstars Hotel Bali"]
[Site "Benidorm ESP"]
[Date "2002.12.01"]
[Round "9"]
[White "Kurajica,B"]
[Black "Ponomariov,R"]
[Result "1/2-1/2"]
[WhiteElo "2548"]
[BlackElo "2743"]
[EventDate "2002.11.29"]

1. Nf3 d5 2. d4 Nf6 3. g3 c5 4. Bg2 Nc6 5. O-O e6 6. b3 b6 7. Bb2 Bb7 8. e3
Be7 9. Nbd2 O-O 10. a3 Rc8 11. Qe2 Qc7 12. c4 cxd4 13. exd4 Rfd8 14. Rac1
Qb8 15. c5 bxc5 16. dxc5 a5 17. Nd4 Nxd4 18. Bxd4 Bc6 19. Rfe1 Nd7 20. f4
Bf6 21. Qe3 Bxd4 22. Qxd4 Nf6 23. b4 axb4 24. axb4 Rd7 25. Rb1 Bb5 26. Re3
Ra7 27. h3 Ra2 28. Rb2 Qa7 29. Kh2 h5 30. Qc3 Rd8 31. Nb3 Ne4 32. Qd4 Rxb2
33. Qxb2 h4 34. gxh4 Qe7 35. Bxe4 dxe4 36. Rg3 f6 37. Nd4 Be8 38. f5 Rd5
39. Nxe6 g6 40. Qg2 Kh8 41. Qxe4 Rxf5 42. Qe3 Re5 43. Qh6+ Kg8 44. Nf4 Re2+
45. Nxe2 Qxe2+ 46. Rg2 Qe5+ 47. Kg1 Qe1+ 48. Kh2 Qe5+ 1/2-1/2

[Event "Superstars Hotel Bali"]
[Site "Benidorm ESP"]
[Date "2002.12.01"]
[Round "10"]
[White "Karjakin,Sergey"]
[Black "Kurajica,B"]
[Result "1/2-1/2"]
[WhiteElo "2527"]
[BlackElo "2548"]
[EventDate "2002.11.29"]

1. e4 c5 2. Nf3 a6 3. c3 d5 4. exd5 Qxd5 5. d4 Nf6 6. Be2 g6 7. O-O Bg7 8.
Ne5 cxd4 9. cxd4 O-O 10. Nc3 Qa5 11. Bf3 Nbd7 12. Re1 e6 13. Bf4 Qd8 14.
Qb3 Nb6 15. Rad1 Nfd5 16. Bg3 Bd7 17. Nxd5 Nxd5 18. Qxb7 Bb5 19. Nc6 Qc8
20. Ne7+ Nxe7 21. Qxe7 Re8 22. Qc5 Qxc5 23. dxc5 Rac8 24. Rc1 Bxb2 25. Rc2
Bd4 26. c6 e5 27. c7 Re7 28. a4 Be8 29. Rec1 Bb6 30. Bb7 Rcxc7 31. Rxc7
Rxc7 32. Rxc7 Bxc7 33. Bxa6 Bxa4 34. f3 Kg7 35. Bf2 Bd6 36. Be3 f5 37. Kf2
h6 38. h3 g5 39. Bb6 Kg6 40. Ba5 Bc5+ 41. Kf1 e4 42. fxe4 fxe4 43. Ke2 Kf5
44. Bd2 Ke5 45. Be3 Bd4 46. Kf2 Bc2 47. g3 Bb3 48. h4 gxh4 49. gxh4 1/2-1/2

[Event "Superstars Hotel Bali"]
[Site "Benidorm ESP"]
[Date "2002.12.01"]
[Round "10"]
[White "Karpov,An"]
[Black "Psakhis,L"]
[Result "1/2-1/2"]
[WhiteElo "2688"]
[BlackElo "2588"]
[EventDate "2002.11.29"]

1. Nf3 c5 2. c4 Nf6 3. Nc3 e6 4. e3 d5 5. d4 cxd4 6. exd4 Bb4 7. Bd3 dxc4
8. Bxc4 O-O 9. O-O b6 10. Bg5 Bb7 11. Qe2 Nbd7 12. Rac1 Bxc3 13. bxc3 Qc7
14. Bd3 Ng4 15. Be4 Bxe4 16. Qxe4 Ngf6 17. Qe2 h6 18. Bd2 Rac8 19. c4 Qb7
20. Bb4 Rfe8 21. Rfe1 Qa6 22. Ne5 Nxe5 23. dxe5 Nd5 24. Bd6 Ne7 25. c5 Qxe2
26. Rxe2 bxc5 27. Rec2 Nf5 28. Rxc5 Nxd6 29. exd6 Rxc5 30. Rxc5 Rd8 31. Rc6
e5 32. h4 h5 33. g3 f6 34. a4 a5 35. Ra6 Rd7 36. Kf1 Kf7 37. Rxa5 Rxd6 38.
Ra7+ Kg6 39. Ke2 Rb6 40. a5 Rb2+ 41. Ke3 Ra2 42. Kf3 Ra4 43. Ke3 1/2-1/2

[Event "Superstars Hotel Bali"]
[Site "Benidorm ESP"]
[Date "2002.12.01"]
[Round "10"]
[White "Paunovic,D"]
[Black "Vera,R"]
[Result "1-0"]
[WhiteElo "2532"]
[BlackElo "2544"]
[EventDate "2002.11.29"]

1. c4 Nf6 2. Nf3 c5 3. g3 b6 4. Bg2 Bb7 5. O-O e6 6. Nc3 d6 7. d4 cxd4 8.
Qxd4 Be7 9. Rd1 a6 10. Bg5 Nbd7 11. Qd2 O-O 12. Bf4 Ne8 13. Rac1 Qc7 14. b3
Rd8 15. Ne1 Bxg2 16. Nxg2 Ne5 17. Qc2 Nf6 18. Ne4 Rc8 19. Bxe5 dxe5 20.
Nxf6+ Bxf6 21. Ne1 Be7 22. Nf3 f5 23. Qc3 e4 24. Nd4 Rf6 25. e3 h5 26. Ne2
h4 27. Qd4 Rd8 28. Qb2 Rff8 29. Nf4 Kf7 30. Qxg7+ Kxg7 31. Nxe6+ Kf7 32.
Nxc7 a5 33. Rd5 Rxd5 34. Nxd5 Bc5 35. Rd1 hxg3 36. hxg3 Rb8 37. Nc3 Ke6 38.
Rd5 Bd6 39. Ne2 Be5 40. Nd4+ Bxd4 41. exd4 a4 42. Rb5 1-0

[Event "Superstars Hotel Bali"]
[Site "Benidorm ESP"]
[Date "2002.12.01"]
[Round "11"]
[White "Vera,R"]
[Black "Granero Roca,A"]
[Result "1/2-1/2"]
[WhiteElo "2544"]
[BlackElo "2342"]
[EventDate "2002.11.29"]

1. d4 Nf6 2. c4 c5 3. d5 b5 4. cxb5 a6 5. b6 g6 6. Nc3 Bg7 7. e4 d6 8. Nf3
Nbd7 9. a4 a5 10. Bb5 O-O 11. O-O Qxb6 12. Bg5 Ba6 13. Nd2 h6 14. Bh4 Qc7
15. Re1 Bxb5 16. Nxb5 Qb7 17. Nc4 Rfe8 18. Rb1 Qb8 19. Qd2 Qd8 20. b3 g5
21. Bg3 Nh5 22. Re2 Rf8 23. Rbe1 Nxg3 24. hxg3 Ne5 25. f4 Nxc4 26. bxc4 Qd7
27. Rf1 Qg4 28. Qd3 Rab8 29. e5 gxf4 30. gxf4 dxe5 31. fxe5 Rb6 32. Qe4 Rg6
33. d6 exd6 34. Qxg4 Rxg4 35. exd6 Bd4+ 36. Kh2 Kg7 37. d7 Rd8 38. Re7 Bf6
39. Nd6 Bxe7 40. Rxf7+ Kg6 41. Rxe7 Rd4 42. Re6+ Kh5 43. Ne4 Rxc4 44. Re8
Rxe4 45. Rxd8 Rh4+ 46. Kg3 Rd4 47. Rc8 Rxd7 48. Rxc5+ Kg6 49. Rxa5 Rd3+ 50.
Kf4 Rd4+ 51. Ke3 Rg4 52. Kf3 Rb4 53. Ra8 Rb3+ 54. Ke4 Rb2 55. a5 Kh5 56. a6
Rxg2 57. Rc8 Ra2 58. Rc6 Kg5 59. Kd5 h5 60. Kc5 h4 61. Kb6 h3 62. a7
1/2-1/2

[Event "Superstars Hotel Bali"]
[Site "Benidorm ESP"]
[Date "2002.12.01"]
[Round "11"]
[White "Kurajica,B"]
[Black "Karpov,An"]
[Result "0-1"]
[WhiteElo "2548"]
[BlackElo "2688"]
[EventDate "2002.11.29"]

1. d4 Nf6 2. Nf3 e6 3. g3 d5 4. Bg2 Be7 5. O-O O-O 6. c4 dxc4 7. Qc2 a6 8.
Qxc4 b5 9. Qc2 Bb7 10. Bg5 Nbd7 11. Rd1 Rc8 12. Bxf6 Nxf6 13. Nc3 Qe8 14.
Ne1 Bxg2 15. Nxg2 c5 16. d5 b4 17. d6 Bxd6 18. Rxd6 bxc3 19. bxc3 Rc6 20.
Rd2 Qb8 21. Ne3 Rd6 22. Rxd6 Qxd6 23. Rd1 Qc6 24. c4 Rb8 25. f3 h5 26. h4
Qc7 27. Kf2 Rd8 28. Rxd8+ Qxd8 29. Qc3 Qc7 30. Ng2 Nd7 31. Nf4 g6 32. Nd3
Kf8 33. Qd2 Qd6 34. Qg5 Qd4+ 35. Kg2 Ke8 36. Qc1 e5 37. Nf2 Nf6 38. Qb1 Kf8
39. Qb6 Kg7 40. Qxa6 Qe3 41. Qc6 Qxe2 42. Qxc5 e4 43. fxe4 Ng4 44. Qd4+ Kg8
45. Qd8+ Kh7 0-1

[Event "Superstars Hotel Bali Playoff"]
[Site "Benidorm ESP"]
[Date "2002.12.01"]
[Round "1"]
[White "Polgar,Ju"]
[Black "Ponomariov,R"]
[Result "1/2-1/2"]
[WhiteElo "2685"]
[BlackElo "2743"]
[EventDate "2002.12.01"]

1. e4 e5 2. Nf3 Nc6 3. Bb5 Nf6 4. O-O Nxe4 5. d4 Nd6 6. Bxc6 dxc6 7. dxe5
Nf5 8. Qxd8+ Kxd8 9. Nc3 Be7 10. h3 Be6 11. Bg5 Bxg5 12. Nxg5 Ke7 13. Rad1
Bc4 14. Rfe1 h6 15. Nf3 g5 16. g4 Ng7 17. Nd4 Be6 18. Ne4 Rad8 19. Ng3 c5
20. Ndf5+ Bxf5 21. gxf5 f6 22. exf6+ Kxf6 23. Ne4+ Kxf5 24. Nxc5 b6 25. Nd3
Rhe8 26. Kg2 Ne6 27. Kg3 Nd4 28. c3 Nc6 29. Rxe8 Rxe8 30. Nb4 Nxb4 31. cxb4
Re2 32. Rc1 Rxb2 33. Rxc7 Rxa2 34. b5 h5 35. Rf7+ Kg6 36. Rc7 Ra3+ 37. Kg2
h4 38. Rd7 Kf5 39. Rg7 Kf4 40. Rf7+ Ke5 41. Rg7 Kf6 42. Rc7 Ra5 43. Rd7 Ke6
44. Rg7 Kf6 45. Rc7 Ke5 46. Kf3 Kf5 47. Rf7+ Ke6 48. Rg7 Kf6 49. Rc7 Rxb5
50. Rxa7 Rb4 51. Rb7 b5 52. Rb8 Ke6 53. Kg2 g4 54. hxg4 Rxg4+ 55. Kh3 Rb4
56. f4 Kd6 57. f5 Kc7 58. Rf8 Rf4 59. f6 b4 60. Rf7+ Kb6 61. Rf8 Kb7 62.
Rf7+ Kc6 63. Rf8 Kd7 64. Rb8 Kc7 65. Rb5 Kc6 66. Rb8 Kc5 67. Rf8 Kc4 68.
Rc8+ Kb3 69. Rc6 Kb2 70. Rb6 b3 71. Kg2 Kc2 72. Rc6+ Kb1 73. Kh3 b2 74. Rb6
Kc2 75. Rc6+ Kd3 76. Rb6 Kc3 77. Rc6+ Kb3 78. Rb6+ Kc2 79. Rc6+ Kb1 80. Rb6
Ra4 81. f7 Rf4 82. Rb7 Kc2 83. Rc7+ Kb1 1/2-1/2